| 000 | 00611nam a22001937a 4500 | ||
|---|---|---|---|
| 003 | OSt | ||
| 082 |
_a664 _bANU/DE |
||
| 100 |
_aAnuj Sonal, P _94751 |
||
| 100 |
_aAswin Jayaraj _94752 |
||
| 100 |
_aShahana, A _94753 |
||
| 100 |
_aShreya Khalai _94754 |
||
| 100 |
_aAthulya Murali _94755 |
||
| 245 | _aDevelopment and performance evaluation of infrared dryer | ||
| 260 |
_aTavanur _bDepartment of Processing and Food Engineering _c2020 |
||
| 700 | _aRajesh, G. K | ||
| 700 |
_aNighitha. M. T _94756 |
||
| 856 | _uhttps://drive.google.com/file/d/1jnqN8AKSJPflzyX7LiDXxTa50DCxuGMy/view?usp=sharing | ||
| 942 | _cPR | ||
| 999 |
_c16325 _d16325 |
||